000 00663nam a2200277Ia 4500
005 20260324115901.0
008 008 260324s9999 xx 000 0 eng d
020 _a9781315364483
037 _aEBOOK
040 _aCRL
040 _beng
040 _cCRL
041 _2eng
041 _aeng
084 _qCRL
100 _aJaap Hoekstra
_91156379
245 0 _aIntroduction to Nanoelectronic Single-Electron Circuit Design
260 _bTaylor and Francis
260 _c2016
365 _a
365 _b200
856 _uhttp://www.taylorfrancis.com/books/9781315364483
942 _cEBOOK
999 _c1747584
_d1747584